Choosing freedom in Ukraine: historical roots and contemporary meaning
| Titel: | Choosing freedom in Ukraine: historical roots and contemporary meaning / Olesya Khromeychuk ; edited by Maren Röger |
|---|---|
| Verfasser: | |
| Veröffentlicht: | Dresden : Sandstein, [2023] |
| Umfang: | 28 Seiten : Illustrationen ; 24 cm |
| Format: | Buch |
| Sprache: | Deutsch |
| Schriftenreihe/ mehrbändiges Werk: |
Oskar-Halecki-Vorlesung. Jahresvorlesung des GWZO ; 2022 |
| ISBN: | 9783954987818 |
| Hinweise zum Inhalt: |
Inhaltsverzeichnis
|
alg: 51464299 001A $06000:11-01-24 001B $03004:06-05-24 $t12:12:32.000 001D $03004:11-04-24 001U $0utf8 001X $00 002@ $0Aau 002C $aText $btxt $2rdacontent 002D $aohne Hilfsmittel zu benutzen $bn $2rdamedia 002E $aBand $bnc $2rdacarrier 003@ $0514642998 003O $01416972532 $aOCoLC 004A $A978-3-95498-781-8 $fBroschur 006G $01311550763 006U $024,A02 $f20231129 007A $01311550763 $aDNB 009P $qapplication/pdf $A2 $3Inhaltsverzeichnis $uhttps://d-nb.info/1311550763/04 $mB:DE-101 010@ $ager 010E $erda 011@ $a2023 $n[2023] 021A $aChoosing freedom in Ukraine: historical roots and contemporary meaning $hOlesya Khromeychuk ; edited by Maren Röger 028A $BVerfasser $4aut $7104124116X $8Khromeychuk, Olesya$Z1983- [Tp1] $9327963395 033A $pDresden $nSandstein 034D $a28 Seiten 034I $a24 cm 034M $aIllustrationen 036E $aOskar-Halecki-Vorlesung. Jahresvorlesung des GWZO $l2022 044K $RUkrainische SSR $#Ukraine $#Ukraine $#Украïна $#Ukrainische SSR $#Ukrajina $#Ukraina $#Ukrai͏̈na Ukraine $#Ukraina Ukraine $#Ukrajna $74061496-7 $8Ukraine [Tgz] $9085170801 044K $#Liberty $#Liberté $#Libertà $#Libertad $#Freiheit $#Freiheit $74018326-9 $8Freiheit [Ts1] $9085043176 044K $#Nation-state $#Nation $#Nation $#Nation $#Nationalgedanke $#Nationale Frage Nation $#Nationen $74041279-9 $8Nation [Ts1] $9085112968 045E $c320 $c940 045F $a909 $eDDC23BSB 045F/01 $a909 045F/03 $f09049 045F/03 $f0905 045F/03 $g477 045R $aGeschichte 1991-2022 045R/01 $aGeschichte lok: 51464299 24 exp: 51464299 24 1 #EPN 201B/01 $003-05-24 $t10:56:55.000 201C/01 $027-03-24 201U/01 $0utf8 203@/01 $01259158411 208@/01 $a27-03-24 $bz 209A/01 $aim Kleinschriftenkasten bei bar $du $f050 $x00 209C/01 $a24.02246 K $h24 02246 K 209G/01 $a74750435 $x00 220C/01 $abar/jwa 247C/01 $8358050-7Marburg, Bibliothek des Herder-Instituts Marburg $9102600961
| LEADER | 00000cam a2200000 c 4500 | ||
|---|---|---|---|
| 001 | 514642998 | ||
| 003 | DE-603 | ||
| 005 | 20240506121232.0 | ||
| 007 | tu | ||
| 008 | 240111s2023 xx |||| | u00||u|ger | ||
| 015 | |a 24,A02 |2 dnb | ||
| 016 | 7 | |2 DE-101 |a 1311550763 | |
| 020 | |a 9783954987818 |c Broschur | ||
| 035 | |a (DE-599)DNB1311550763 | ||
| 035 | |a (OCoLC)1416972532 | ||
| 040 | |a DE-603 |b ger |c DE-603 |d DE-603 |e rda | ||
| 041 | |a ger | ||
| 082 | 0 | 4 | |8 1\u |a 909 |q DE-101 |2 23/BSB |
| 084 | |a 320 |a 940 |q DE-101 |2 sdnb | ||
| 085 | |8 1\u |b 909 | ||
| 085 | |8 1\u |z 1 |s 09049 | ||
| 085 | |8 1\u |z 1 |s 0905 | ||
| 085 | |8 1\u |z 2 |s 477 | ||
| 100 | 1 | |a Khromeychuk, Olesya |d 1983- |e Verfasser |4 aut |0 (DE-603)327963395 |0 (DE-588)104124116X |2 gnd | |
| 245 | 0 | 0 | |a Choosing freedom in Ukraine: historical roots and contemporary meaning |c Olesya Khromeychuk ; edited by Maren Röger |
| 264 | 1 | |a Dresden |b Sandstein |c [2023] | |
| 300 | |a 28 Seiten |b Illustrationen |c 24 cm | ||
| 336 | |a Text |b txt |2 rdacontent | ||
| 337 | |a ohne Hilfsmittel zu benutzen |b n |2 rdamedia | ||
| 338 | |a Band |b nc |2 rdacarrier | ||
| 490 | 0 | |a Oskar-Halecki-Vorlesung. Jahresvorlesung des GWZO |v 2022 | |
| 648 | 7 | |a Geschichte 1991-2022 |2 gnd | |
| 648 | 7 | |a Geschichte |2 gnd | |
| 650 | 7 | |a Freiheit |0 (DE-588)4018326-9 |0 (DE-603)085043176 |2 gnd | |
| 650 | 7 | |a Nation |0 (DE-588)4041279-9 |0 (DE-603)085112968 |2 gnd | |
| 651 | 7 | |a Ukraine |0 (DE-588)4061496-7 |0 (DE-603)085170801 |2 gnd | |
| 856 | 4 | 2 | |m B:DE-101 |q application/pdf |u https://d-nb.info/1311550763/04 |3 Inhaltsverzeichnis |
| 924 | 0 | |9 Mb 50 |a (DE-603)1259158411 |b DE-Mb50 |c HES |d c |g im Kleinschriftenkasten bei bar | |


